|
|
|
|
| LEADER |
00000nam a2200000 a 4500 |
| 001 |
vtls001122198 |
| 003 |
SK-MaSNL |
| 005 |
20260301111610.0 |
| 008 |
250414s1988 xo 0 slo |
| 015 |
|
|
|a SNBA1988/09
|
| 035 |
|
|
|a SNK000065041
|
| 040 |
|
|
|a SNK
|b slo
|c SNK
|e AACR2
|
| 041 |
0 |
|
|a slo
|
| 044 |
|
|
|a xo
|c SK
|
| 080 |
|
|
|a 885.4-3(087.5)
|2 1981
|
| 100 |
1 |
|
|a Pavlovič, Jozef,
|d 1934-2020
|4 aut
|9 200363
|
| 245 |
1 |
0 |
|a Krochkajúca postieľka
|c Jozef Pavlovič ; František Jaksics, Irena Závodná
|
| 250 |
|
|
|a 1. vyd.
|
| 260 |
|
|
|a Bratislava
|b Mladé letá
|c 1988
|e Košice
|f Východoslovenské tlačiarne
|
| 300 |
|
|
|a 49 s., 4,85 AH
|c 26 cm
|
| 366 |
|
|
|e 13000 výtl.
|
| 490 |
0 |
|
|a Poslušné písmenká
|
| 500 |
|
|
|a Pre čitateľov od 6 rokov. Ilustr. na tit. liste a front.
|
| 700 |
1 |
|
|a Jaksics, František,
|d 1937-
|4 bkd
|9 108646
|
| 700 |
1 |
|
|a Závodná, Irena
|4 bkd
|9 47859
|
| 852 |
|
|
|a Slovenská národná knižnica
|
| 954 |
|
|
|a príbehy o deťoch
|a miniatúry
|
| 958 |
|
|
|a OND
|
| 958 |
|
|
|a LX
|
| 958 |
|
|
|a DB
|
| 958 |
|
|
|a TL
|
| 999 |
|
|
|c 707613
|d 709543
|
| 952 |
|
|
|a SNK
|b SNK
|y PREZ
|7 0
|p 17A0833233
|o snkSB 43684
|0 0
|1 0
|4 0
|d 2012-07-12
|f 1
|l 0
|r 2025-05-09 00:00:00
|w 2026-02-23
|
| 952 |
|
|
|t P60, <05>, [BOOK], {605}
|a SNK
|b SNK
|y PREZ
|7 0
|p 17A0155379
|o snkSB 43684 D1
|0 0
|1 0
|4 0
|d 1998-08-26
|l 0
|r 2004-12-31 00:00:00
|w 2026-02-23
|